|
|
|
|
| LEADER |
01059nam a22002057a 4500 |
| 020 |
|
|
|a 978-81-226-1180-9
|
| 082 |
|
|
|a 894.M301
|b ZAC/Z Q4
|
| 100 |
|
|
|a സക്കറിയ;
|9 54052
|
| 100 |
|
|
|a Zacharia
|9 54053
|
| 240 |
|
|
|a Zachariayude thiranjedutha kathakal
|
| 245 |
|
|
|a സക്കറിയയുടെ തിരഞ്ഞെടുത്ത കഥകള്
|
| 250 |
|
|
|a 2nd / 1st (2002)
|
| 260 |
|
|
|a Thrissur;
|b Current Books;
|c 2014
|
| 300 |
|
|
|a xviii;276p.
|
| 650 |
|
|
|a മലയാളം; മലയാളം സാഹിത്യം; മലയാളം ചെറുകഥകള്
|9 54054
|
| 650 |
|
|
|a Malayalam; Malayalam Literature; Malayalam Short Stories
|9 54055
|
| 942 |
|
|
|c BK
|
| 999 |
|
|
|c 41618
|d 41618
|
| 952 |
|
|
|0 0
|1 0
|4 0
|6 894_000000000000000_M301_ZAC_Z_Q4
|7 0
|8 STO
|9 47750
|a MAL
|b MAL
|d 2015-08-05
|e 57087
|g 200.00
|l 0
|o 894.M301 ZAC/Z Q4
|p MAL057087
|r 2015-08-05
|t 1
|w 2015-08-05
|y BK
|
| 952 |
|
|
|0 0
|1 0
|4 0
|6 894_000000000000000_M301_ZAC_Z_Q41
|7 0
|8 STO
|9 47751
|a MAL
|b MAL
|d 2017-07-11
|e 56554
|g 200.00
|l 0
|o 894.M301 ZAC/Z Q4;1
|p MAL056554
|r 2017-07-11
|t 2
|w 2017-07-11
|y BK
|